[Event "Challenge"]
[Site "http://www.queenalice.com/game.php?id=156330"]
[Date "2007.1.19"]
[Round "-"]
[White "VypeR"]
[Black "z3r0vulc4n"]
[Result "1-0"]
[WhiteElo "1628"]
[BlackElo "1507"]

1. e4 e5 2. Nf3 d6 3. Nc3 Nf6 4. d4 exd4 5. Nxd4 c5 6. Bb5+ Bd7 7. Bxd7+ Qxd7 8.
Nf3 Nc6 9. Qe2 Nd4 10. Nxd4 cxd4 11. Qb5 Qxb5 12. Nxb5 Nxe4 13. Nc7+ Kd7 14.
Nxa8 Be7 15. O-O Rxa8 16. Re1 d5 17. f3 Ng5 18. Bxg5 Bxg5 19. Rad1 Bf6 20. b3
Rc8 21. Re2 Kd6 22. g4 Rc3 23. Rd3 Rc5 24. Kg2 a5 25. Kg3 b5 26. h4 a4 27. b4
Rc4 28. a3 Rc3 29. Rxc3 dxc3 30. g5 Be5+ 31. f4 Bd4 32. Re8 f6 33. Rh8 fxg5 34.
hxg5 Be3 35. Rxh7 d4 36. Kf3 Kd5 37. Rxg7 d3 38. Rd7+ 1-0

[Event "Challenge"]
[Site "http://www.queenalice.com/game.php?id=156595"]
[Date "2007.1.20"]
[Round "-"]
[White "alisonkarina"]
[Black "VypeR"]
[Result "1-0"]
[WhiteElo "1754"]
[BlackElo "1639"]

1. e4 e5 2. Nf3 Nc6 3. Bb5 d6 4. d4 a6 5. Bxc6+ bxc6 6. dxe5 dxe5 7. Nxe5 Qxd1+
8. Kxd1 Bb7 9. Nc3 Rd8+ 10. Ke2 Bb4 11. Nd3 Bxc3 12. bxc3 Nf6 13. f3 O-O 14. Bf4
Ne8 15. Rab1 Ra8 16. Rxb7 Nd6 17. Rxc7 Rac8 18. Bxd6 Rxc7 19. Bxc7 Rc8 20. Bd6
Rb8 21. Bxb8 f6 22. Rb1 Kf7 23. Nc5 g5 24. Rb7+ Kg6 25. Ne6 Kh6 26. Nf8 g4 27.
fxg4 Kg5 28. Kf3 h6 29. g3 c5 30. h4# 1-0

[Event "AUTO-INT-318"]
[Site "http://www.queenalice.com/game.php?id=156640"]
[Date "2007.1.20"]
[Round "1"]
[White "dtrainey"]
[Black "VypeR"]
[Result "0-1"]
[WhiteElo "1369"]
[BlackElo "1651"]

1. d4 d5 2. e3 Nf6 3. h3 g6 4. c4 c6 5. c5 Bg7 6. Qf3 O-O 7. Bd3 Be6 8. b4 a6 9.
e4 dxe4 10. Bxe4 Qxd4 11. Nc3 Nxe4 12. Nge2 Qxb4 13. Qxe4 Bxc3+ 14. Nxc3 Qxc3+
15. Bd2 Qxa1+ 0-1

[Event "AUTO-INT-318"]
[Site "http://www.queenalice.com/game.php?id=156641"]
[Date "2007.1.20"]
[Round "1"]
[White "VypeR"]
[Black "dtrainey"]
[Result "0-1"]
[WhiteElo "1667"]
[BlackElo "1370"]

1. e4 e5 2. Nf3 Nc6 3. g3 Bc5 4. d3 h6 5. Bg2 Qf6 6. a3 Nd4 7. Be3 d6 8. c3 Ne7
9. O-O Nxf3+ 10. Qxf3 Bxe3 11. Qxe3 O-O 12. Qf3 Qxf3 13. Bxf3 f5 14. exf5 Bxf5
15. Bxb7 Rab8 16. Bd5+ Nxd5 17. d4 exd4 18. cxd4 Rxb2 19. a4 Bd3 20. Re1 Rfxf2
21. Re8+ Kf7 22. Re1 Rg2+ 23. Kh1 Rxh2+ 24. Kg1 Rbg2# 0-1

[Event "AUTO-INT-318"]
[Site "http://www.queenalice.com/game.php?id=156652"]
[Date "2007.1.20"]
[Round "1"]
[White "doug_aquino"]
[Black "VypeR"]
[Result "0-1"]
[WhiteElo "1519"]
[BlackElo "1656"]

1. Nf3 Nc6 2. e4 e5 3. Nc3 Nf6 4. Bc4 Bb4 5. Nd5 Nxe4 6. Nxb4 Nxb4 7. Nxe5 Qf6
8. Bxf7+ Kd8 9. f3 Qh4+ 10. g3 Qh3 11. Bc4 Qg2 12. Rf1 Nd6 13. a3 Re8 14. f4
Nxc4 15. axb4 Nxe5 16. fxe5 Rxe5+ 0-1

[Event "AUTO-INT-318"]
[Site "http://www.queenalice.com/game.php?id=156653"]
[Date "2007.1.20"]
[Round "1"]
[White "VypeR"]
[Black "doug_aquino"]
[Result "0-1"]
[WhiteElo "1685"]
[BlackElo "1598"]

1. e4 c6 2. d4 d5 3. e5 Bf5 4. Nf3 e6 5. Bd3 Ne7 6. Nc3 g6 7. Bxf5 Nxf5 8. O-O
Bg7 9. Bg5 Qb6 10. Na4 Qc7 11. b3 O-O 12. h3 Na6 13. Nh4 Nxh4 14. Bxh4 c5 15.
Nxc5 Nxc5 16. f3 Na6 17. a3 Qb6 18. Be7 Rfe8 19. Bg5 Bxe5 20. Be3 Bg3 21. f4 Nc7
22. Qg4 Bxf4 23. Qxf4 f5 24. b4 Nb5 25. Rf2 Nc3 26. a4 Qxb4 27. Bd2 Qb2 28. Bxc3
Qxc3 29. Rb1 b6 30. Kh2 Qa3 31. Rff1 Qxa4 32. Qd2 Rac8 33. c3 Rc4 34. Rb4 Rxb4
35. cxb4 a5 36. bxa5 Qxa5 37. Qxa5 bxa5 38. Ra1 Ra8 39. Kg3 Kf7 40. Kf4 Kf6 41.
Ra4 g5+ 42. Kg3 h5 43. h4 gxh4+ 44. Kxh4 e5 45. dxe5+ Kxe5 46. Kxh5 d4 47. Kh4
Ke4 48. Kg3 f4+ 49. Kf2 Kd3 50. Kf3 Kc3 51. Kxf4 d3 52. g4 d2 53. Ra1 Kd3 54. g5
Ke2 55. g6 d1=Q 56. Rxd1 Kxd1 57. g7 a4 58. Kf5 a3 59. Kf6 a2 60. Kf7 a1=Q 61.
g8=Q Qa2+ 62. Kf6 Qxg8 63. Ke5 Rd8 64. Ke4 Qd5+ 65. Ke3 Re8+ 66. Kf2 Re2+ 67.
Kg3 Qg2+ 68. Kh4 Re8 69. Kh5 Rh8# 0-1

[Event "AUTO-INT-318"]
[Site "http://www.queenalice.com/game.php?id=156658"]
[Date "2007.1.20"]
[Round "1"]
[White "sh4rp3r"]
[Black "VypeR"]
[Result "0-1"]
[WhiteElo "1359"]
[BlackElo "1650"]

1. d4 d5 2. Nc3 Nf6 3. f4 Nc6 4. Nf3 g6 5. Nb5 a6 6. Nc3 Bg7 7. Be3 O-O 8. b4
Nxb4 9. Ne5 Bf5 10. Qb1 Nxc2+ 11. Kd1 Nxe3+ 12. Kd2 Bxb1 13. Rxb1 Nxf1+ 14.
Rhxf1 Ne4+ 15. Kd3 Nxc3 16. Kxc3 Bxe5 17. fxe5 Qd7 18. Rxb7 Qc6+ 0-1

[Event "AUTO-INT-318"]
[Site "http://www.queenalice.com/game.php?id=156659"]
[Date "2007.1.20"]
[Round "1"]
[White "VypeR"]
[Black "sh4rp3r"]
[Result "1-0"]
[WhiteElo "1662"]
[BlackElo "1388"]

1. e4 Nf6 2. Nc3 c5 3. Nf3 d5 4. Bb5+ Bd7 5. Ne5 Nxe4 6. Nxd5 Bxb5 7. d3 Qxd5 8.
Bf4 Qd4 9. Qf3 Qxb2 10. O-O Nf6 11. Qxb7 Nc6 12. Qxa8+ Nd8 13. Qxa7 Qd4 14. Bg3
g6 15. Rab1 Nc6 16. Nxc6 Bxc6 17. Rb8+ Qd8 18. Bc7 Qxb8 19. Qxb8+ Kd7 20. Be5
Bg7 21. Qc7+ Ke6 22. Qxc6+ Kxe5 23. Qxc5+ Nd5 24. Re1+ Kf5 25. Qxd5+ e5 26. d4
Kg5 27. Qxf7 Kh6 28. dxe5 1-0

[Event "AUTO-OPEN-524"]
[Site "http://www.queenalice.com/game.php?id=156703"]
[Date "2007.1.20"]
[Round "1"]
[White "doug_aquino"]
[Black "VypeR"]
[Result "0-1"]
[WhiteElo "1508"]
[BlackElo "1639"]

1. Nf3 Nc6 2. e4 e5 3. Nc3 Nf6 4. Bc4 d6 5. d3 Bg4 6. h3 Bxf3 7. Qxf3 g6 8. Bg5
Bg7 9. Nd5 Nd4 10. Qd1 c6 11. Ne3 Qa5+ 12. c3 Nb5 13. b4 Qa3 14. Bxb5 Qxc3+ 15.
Ke2 Qxb4 16. Bc4 Qb2+ 17. Kf3 O-O 18. h4 h6 19. Bxf6 Bxf6 20. Ng4 Bg7 21. h5 g5
22. Kg3 Qb6 23. Ne3 Qd8 24. a4 Qf6 25. a5 Qf4+ 26. Kh3 Qh4# 0-1

[Event "AUTO-OPEN-524"]
[Site "http://www.queenalice.com/game.php?id=156704"]
[Date "2007.1.20"]
[Round "1"]
[White "VypeR"]
[Black "doug_aquino"]
[Result "1-0"]
[WhiteElo "1667"]
[BlackElo "1537"]

1. e4 c6 2. d4 d5 3. e5 Bf5 4. g4 Bc8 5. Nc3 g6 6. Nf3 Bh6 7. g5 Bg7 8. Be3 Bf5
9. Bd3 Bh3 10. a3 e6 11. Rg1 Ne7 12. Rg3 Bf5 13. Nh4 Bxd3 14. Qxd3 Nd7 15. O-O-O
O-O 16. Bd2 c5 17. Nf3 cxd4 18. Qxd4 Nf5 19. Qg4 Nxg3 20. Qxg3 Nc5 21. Be3 Ne4
22. Nxe4 Qc7 23. Nf6+ Bxf6 24. gxf6 Rac8 25. Nd4 Qc4 26. f4 b5 27. Qe1 Qa2 28.
Qb4 Qc4 29. Qxc4 bxc4 30. c3 Rc7 31. Nb5 Rb7 32. Nxa7 Rb3 33. Bc5 Rfb8 34. Bb4
h5 35. Nc6 Rb6 36. Nd4 R3xb4 37. axb4 Ra6 38. Kc2 Kh7 39. Rg1 Kh6 40. h4 Ra8 41.
b5 Rb8 42. Ra1 Rb7 43. Ra6 Rb8 44. b6 Rb7 45. Nc6 Kh7 46. Nd8 Rd7 47. b7 Rxd8
48. Ra8 1-0

[Event "AUTO-OPEN-524"]
[Site "http://www.queenalice.com/game.php?id=156725"]
[Date "2007.1.20"]
[Round "1"]
[White "MIngu"]
[Black "VypeR"]
[Result "1-0"]
[WhiteElo "1776"]
[BlackElo "1664"]

1. d4 d5 2. c4 e6 3. Nc3 Bb4 4. Nf3 Bxc3+ 5. bxc3 dxc4 6. e4 f5 7. Bxc4 fxe4 8.
Ng5 e5 9. Nf7 Qe7 10. Nxh8 Be6 11. Qb3 Bxc4 12. Qxb7 Qd6 13. Qxa8 Qb6 14. Qxe4
Qa5 15. Qxe5+ Ne7 16. Qxa5 1-0

[Event "AUTO-OPEN-524"]
[Site "http://www.queenalice.com/game.php?id=156726"]
[Date "2007.1.20"]
[Round "1"]
[White "VypeR"]
[Black "MIngu"]
[Result "0-1"]
[WhiteElo "1664"]
[BlackElo "1800"]

1. e4 d5 2. e5 c5 3. Bb5+ Bd7 4. Qe2 e6 5. Bxd7+ Nxd7 6. Qb5 Qg5 7. Qxb7 Rb8 8.
Qxa7 Qxg2 9. d4 cxd4 10. Qxd4 Qxh1 11. Kf1 Bc5 12. Qg4 Qxh2 13. Qg3 Qxg3 14.
fxg3 Nxe5 15. Bf4 Bd6 16. b3 Nf6 17. Nc3 Kd7 18. Re1 Nfg4 19. Bxe5 Bxe5 20. Nge2
Rhc8 21. Na4 Rxc2 22. Nf4 Rf2+ 23. Kg1 Bd4 24. Nh3 Rxa2+ 25. Kf1 Nh2# 0-1

[Event "AUTO-OPEN-524"]
[Site "http://www.queenalice.com/game.php?id=156739"]
[Date "2007.1.20"]
[Round "1"]
[White "VypeR"]
[Black "carloswecker"]
[Result "0-1"]
[WhiteElo "1658"]
[BlackElo "1876"]

1. e4 c5 2. Nc3 Nc6 3. Bb5 Nd4 4. d3 g6 5. Be3 Bg7 6. Nf3 Nxb5 7. Nxb5 d6 8. h3
a6 9. Nc3 e6 10. d4 c4 11. d5 Ne7 12. Bg5 O-O 13. dxe6 fxe6 14. O-O Qc7 15. Qe2
b5 16. a3 Bb7 17. Bxe7 Qxe7 18. Rad1 Rad8 19. e5 Bxf3 20. gxf3 Bxe5 21. Kh1 Qh4
22. Qxe5 dxe5 23. Rxd8 Rxd8 24. Kh2 Qf4+ 25. Kg2 Rf8 26. Rg1 Qxf3+ 27. Kf1 Qxf2#
0-1

[Event "AUTO-OPEN-524"]
[Site "http://www.queenalice.com/game.php?id=156740"]
[Date "2007.1.20"]
[Round "1"]
[White "carloswecker"]
[Black "VypeR"]
[Result "1-0"]
[WhiteElo "1868"]
[BlackElo "1666"]

1. d4 d5 2. c4 dxc4 3. Nf3 c5 4. e3 Bg4 5. Be2 Nc6 6. dxc5 Qxd1+ 7. Bxd1 Nf6 8.
O-O e5 9. Nfd2 Bxd1 10. Rxd1 Bxc5 11. Nxc4 Nb4 12. Nc3 Rd8 13. Rxd8+ Kxd8 14.
Bd2 Nd3 15. Rd1 Ke7 16. Bc1 Rd8 17. Na5 Rd7 18. Nb3 Nxc1 19. Rxd7+ Kxd7 20.
Nxc5+ Kc6 21. b4 Nd3 22. Nxd3 b6 23. a4 a6 24. Nxe5+ Kd6 25. Nxf7+ Ke6 26. Ng5+
Kf5 27. f4 h6 28. Nf3 g6 29. Kf2 Ng4+ 30. Ke2 Nxh2 31. Nxh2 1-0

[Event "Challenge"]
[Site "http://www.queenalice.com/game.php?id=162377"]
[Date "2007.2.1"]
[Round "-"]
[White "alisonkarina"]
[Black "VypeR"]
[Result "0-1"]
[WhiteElo "1761"]
[BlackElo "1640"]

1. e4 e5 2. Nf3 Nc6 3. Bb5 d6 4. d4 Bd7 5. Nc3 Qe7 6. Nd5 Qd8 7. dxe5 Nge7 8.
exd6 Nxd5 9. exd5 Nb4 10. Qe2+ Be7 11. dxe7 Qxe7 12. Qxe7+ Kxe7 13. Bd3 Nxd5 14.
O-O Bg4 15. Bd2 Bxf3 16. gxf3 Rhe8 17. Bxh7 Kf8 18. c4 Re2 19. Bg5 Nb4 20. Rad1
g6 21. Bh6+ Ke7 22. Rfe1 Rxe1+ 23. Rxe1+ Kf6 24. h4 Nd3 25. Re2 Rh8 26. Bg5+ Kg7
27. Re7 Rxh7 28. a3 Nxb2 29. c5 Nc4 30. Kg2 Rh8 31. f4 Rc8 0-1

[Event "AUTO-OPEN-393"]
[Site "http://www.queenalice.com/game.php?id=164341"]
[Date "2007.2.6"]
[Round "2"]
[White "VypeR"]
[Black "rocato"]
[Result "0-1"]
[WhiteElo "1661"]
[BlackElo "2010"]

1. e4 c5 2. Nf3 d6 3. Bb5+ Nd7 4. d3 Nf6 5. Bg5 e6 6. Bxf6 Qxf6 7. Bxd7+ Bxd7 8.
Nc3 Be7 9. d4 cxd4 10. Qxd4 O-O 11. Qxf6 Bxf6 12. O-O Rfc8 13. Rfd1 Rc6 14. Rd3
Rac8 15. h3 Rb6 16. Nd1 Rxc2 17. Rb1 Kf8 18. a3 Ke7 19. b4 a5 20. Nd4 Rc4 21.
Nf3 axb4 22. axb4 Rxe4 23. Nc3 Rexb4 24. Rxb4 Rxb4 25. g3 Rb3 26. Nd4 Bxd4 27.
Rxd4 Rxc3 28. Kf1 b5 29. Rb4 Bc6 30. Ke1 Rc4 31. Rb3 d5 32. Kd2 b4 33. Kd3 Rc3+
34. Rxc3 bxc3 35. Kxc3 Kd6 36. f4 Kc5 37. h4 h5 38. Kd3 Bb5+ 39. Kc3 d4+ 40. Kd2
Kd5 41. Kc2 Ke4 42. Kd2 Kf3 43. Ke1 Kxg3 44. Kd1 Kf2 45. Kd2 f6 46. Kc2 Ke2 47.
Kb3 d3 48. Kb4 d2 49. Kxb5 d1=Q 50. Kc6 Qd5+ 51. Kb6 Qc4 0-1

[Event "AUTO-OPEN-393"]
[Site "http://www.queenalice.com/game.php?id=164342"]
[Date "2007.2.6"]
[Round "2"]
[White "rocato"]
[Black "VypeR"]
[Result "1-0"]
[WhiteElo "1922"]
[BlackElo "1680"]

1. e4 e5 2. Nf3 Nc6 3. Bc4 d6 4. d4 Nxd4 5. Nxd4 exd4 6. Qxd4 Qf6 7. Qe3 Be6 8.
Bb3 Bxb3 9. axb3 O-O-O 10. Qxa7 Qe5 11. Nc3 d5 12. O-O d4 13. Ra5 Qd6 14. Qa8+
Kd7 15. Qxb7 Qb4 16. Rb5 Qe7 17. Rd1 Nf6 18. e5 Ng4 19. Rxd4+ Ke8 20. Qc6+ Rd7
21. Rb8+ Qd8 22. Qxd7# 1-0

[Event "IESDE"]
[Site "http://www.queenalice.com/game.php?id=172134"]
[Date "2007.2.21"]
[Round "3"]
[White "Pampuche"]
[Black "VypeR"]
[Result "0-1"]
[WhiteElo "1368"]
[BlackElo "1666"]

1. e4 e5 2. Qh5 Qf6 3. g4 g6 4. Qh3 Nc6 5. c4 Bc5 6. Qg2 d6 7. Ne2 Nd4 8. Nec3
Nc2+ 9. Kd1 Nxa1 10. Nd5 Qd8 11. b3 Nf6 12. Nxf6+ Qxf6 13. Bb2 Qxf2 14. Bxa1
Qxg2 15. Bxg2 Bxg4+ 16. Kc1 O-O 17. Nc3 Bb4 18. Nd5 Ba5 19. Nf6+ Kg7 20. Nxg4 h5
21. Nf2 f5 22. Rf1 fxe4 23. Nxe4 Rxf1+ 24. Bxf1 Rf8 25. Bd3 Rf3 26. Be2 Rh3 27.
d4 Rxh2 28. Bd3 Rh1+ 29. Kb2 exd4 30. Kc2 Rxa1 31. c5 d5 32. Ng5 Re1 33. a3 Bc3
34. b4 Ra1 35. Kb3 h4 36. Ne6+ Kh6 37. Nxc7 h3 38. Nxd5 Rd1 39. Nf4 h2 40. Be4
Rb1+ 41. Kc2 Re1 42. Bg2 Ra1 43. Ne2 h1=Q 44. Bxh1 Rxh1 45. Kd3 g5 46. b5 Rb1
47. Kc4 Kh5 48. c6 bxc6 49. bxc6 Rb8 50. Kc5 Bb2 51. a4 d3 52. c7 Rc8 53. Kd6
dxe2 54. Kd7 Rxc7+ 55. Kxc7 e1=Q 56. a5 Qxa5+ 0-1

[Event "Challenge"]
[Site "http://www.queenalice.com/game.php?id=184854"]
[Date "2007.3.19"]
[Round "-"]
[White "z3r0vulc4n"]
[Black "VypeR"]
[Result "0-1"]
[WhiteElo "1543"]
[BlackElo "1674"]

1. e4 e5 2. Nf3 Nc6 3. Nc3 Bb4 4. Nb5 a6 5. Nc3 Nf6 6. Nd5 Be7 7. Nxe7 Qxe7 8.
d3 O-O 9. Bg5 h6 10. Bxf6 Qxf6 11. g3 d6 12. a3 Bg4 13. Be2 Nd4 14. Nxd4 Bxe2
15. Qxe2 exd4 16. h4 Rae8 17. O-O d5 18. exd5 Rxe2 19. Rae1 Rxc2 20. Re6 Qf3 21.
b4 Qxd3 22. Re3 Qd2 23. Rf3 Rc1 24. Rxc1 Qxc1+ 25. Kg2 Qc2 0-1

[Event "Challenge"]
[Site "http://www.queenalice.com/game.php?id=185319"]
[Date "2007.3.21"]
[Round "-"]
[White "VypeR"]
[Black "Bitencourt"]
[Result "0-1"]
[WhiteElo "1670"]
[BlackElo "1232"]

1. e4 c5 2. d4 cxd4 3. Qxd4 Nc6 4. Qd5 Nf6 5. Qb3 d5 6. Qd3 Nxe4 7. Nc3 Nb4 8.
Qb5+ Nc6 9. Nxe4 dxe4 10. Be3 e5 11. Bc4 Bd7 12. Qxb7 Rb8 13. Qa6 Nb4 14. Qa5
Qxa5 15. a3 Nxc2+ 16. Kd1 Ba4 17. Rb1 Nxa3+ 18. Kc1 Qe1# 0-1